Intimismo en la poética de León David / (Registro nro. 43757)
[ vista simple ]
| 000 -CABECERA | |
|---|---|
| campo de control de longitud fija | 00676nam a2200193 a 4500 |
| 001 - NÚMERO DE CONTROL | |
| campo de control | 000044268 |
| 005 - FECHA Y HORA DE LA ÚLTIMA TRANSACCIÓN | |
| campo de control | 20201002045245.0 |
| 008 - DATOS DE LONGITUD FIJA--INFORMACIÓN GENERAL | |
| campo de control de longitud fija | 140612s2007 dr 000 0 spa d |
| 040 ## - FUENTE DE LA CATALOGACIÓN | |
| Centro catalogador/agencia de origen | DO-SdBNP |
| Lengua de catalogación | spa |
| Centro/agencia transcriptor | BNPHU |
| 082 ## - NÚMERO DE LA CLASIFICACIÓN DECIMAL DEWEY | |
| Número de clasificación | xxxxx |
| Número de documento/Ítem | xxxxx |
| 100 1# - ENTRADA PRINCIPAL--NOMBRE DE PERSONA | |
| Nombre de persona | Almonte, Francisco |
| 9 (RLIN) | 24304 |
| 245 10 - MENCIÓN DE TÍTULO | |
| Título | Intimismo en la poética de León David / |
| Mención de responsabilidad, etc. | Francisco Almonte. |
| 260 ## - PUBLICACIÓN, DISTRIBUCIÓN, ETC. | |
| Lugar de publicación, distribución, etc. | Santo Domingo : |
| Nombre del editor, distribuidor, etc. | UASD, |
| Fecha de publicación, distribución, etc. | 2007. |
| 300 ## - DESCRIPCIÓN FÍSICA | |
| Extensión | 126 p. ; |
| Dimensiones | 23 cm. |
| 490 1# - MENCIÓN DE SERIE | |
| Mención de serie | Publicaciones de la Universidad Aútonoma de Santo Domingo |
| Designación de volumen o secuencia | 1330 |
| 490 1# - MENCIÓN DE SERIE | |
| Mención de serie | Literatura y sociedad |
| Designación de volumen o secuencia | 69 |
| 830 #0 - PUNTO DE ACCESO ADICIONAL DE SERIE-TÍTULO UNIFORME | |
| Título uniforme | Publicaciones de la Universidad de Santo Dominingo |
| Número de parte o sección de la obra | 1330 |
| 9 (RLIN) | 72269 |
| 830 #0 - PUNTO DE ACCESO ADICIONAL DE SERIE-TÍTULO UNIFORME | |
| Título uniforme | Literatura y sociedad |
| Número de parte o sección de la obra | 69 |
| 9 (RLIN) | 72270 |
| Estado de retiro | Estado de pérdida | No para préstamo | Código de colección | Localización permanente | Ubicación/localización actual | Ubicación en estantería | Fecha de adquisición | Número de inventario | Total de préstamos | Signatura topográfica completa | Código de barras | Fecha visto por última vez | Precio válido a partir de | Tipo de ítem Koha |
|---|---|---|---|---|---|---|---|---|---|---|---|---|---|---|
| Excluido de préstamo | Patrimonio Dominicano | Patrimonio Dominicano | Patrimonio Dominicano | Depósito | 12.06.2014 | LF1 | xxxxx xxxxx | 44268-10 | 25.06.2020 | 25.06.2020 | Libro y Folleto Colección Patrimonio Dominicano |
